Clover science and technology /

Bibliographic Details
Other Authors: Taylor, N. L. (Norman L.)
Format: Book
Language:English
Published: Madison, Wis., USA : American Society of Agronomy : Crop Science Society of America, 1985.
Series:Agronomy ; no. 25.
Subjects:

MARC

Tag First Indicator Second Indicator Subfields
LEADER 00000pam a2200000 a 4500
001 in00000565921
005 20151014060659.0
008 840910s1985 wiua b 00100 eng
010 |a  84020485  
020 |a 0891180834 
035 |a (OCoLC)11211011 
035 |9 ACM8096AM 
039 0 |a 2  |b 3  |c 3  |d 3  |e 3 
040 |a DLC  |c DLC  |d TXA  |d UtOrBLW 
049 |a TXAM  |c [A09163446] 
050 0 0 |a SB205.C64  |b C56 1985 
082 0 |a 633.3/2  |2 19 
245 0 0 |a Clover science and technology /  |c N.L. Taylor, editor. 
264 1 |a Madison, Wis., USA :  |b American Society of Agronomy :  |b Crop Science Society of America,  |c 1985. 
300 |a xx, 616 pages :  |b illustrations (some color) ;  |c 24 cm. 
336 |a text  |b txt  |2 rdacontent 
337 |a unmediated  |b n  |2 rdamedia 
338 |a volume  |b nc  |2 rdacarrier 
490 1 |a Agronomy ;  |v no. 25 
504 |a Includes bibliographies and index. 
650 0 |a Clover. 
700 1 |a Taylor, N. L.  |q (Norman L.) 
830 0 |a Agronomy ;  |v no. 25. 
999 |a MARS 
999 f f |s 7d76a870-69c7-3921-944c-5546ca582ca9  |i f8dc6635-c602-3688-b559-65ce59fb886c  |t 0 
952 f f |p ric  |a Texas A&M University  |b Rellis Campus  |c Joint Library Facility  |d Remote Storage  |t 0  |e SB205.C64 C56 1985  |h Library of Congress classification  |i unmediated -- volume  |m A14809163446 
998 f f |a SB205.C64 C56 1985  |t 0  |l Remote Storage